000 00678nam a2200241Ia 4500
003 OSt
005 20220925200319.0
006 a|||||r|||| 00| 0
007 ta
008 220923b |||||||| |||| 00| 0 eng d
037 _cGeneral Book
040 _aRTL
_cRTL
_beng
041 _2eng
_aeng
082 _aX:545.2.N8, M7
100 _aKumar Maneet
_9257287
245 0 _aExport marketing of non-traditional items
_b Problem
260 _aDelhi
_bAjanata Publications
_c1987
300 _axv,274p
_ccm.
500 _aBibliography: P 257-74
650 _aExport
942 _hX:545.2.N8, M7
_cGB
_2CC
999 _c536156
_d536156